| 000 | 01232cam a2200313 a 4500 | ||
|---|---|---|---|
| 999 |
_c24758 _d24758 |
||
| 001 | 4489362 | ||
| 005 | 20170130100233.0 | ||
| 008 | 970513s1997 paua bc 001 0 eng | ||
| 010 | _a 97021753 | ||
| 020 | _a076430366X (pbk.) | ||
| 040 |
_aDLC _cDLC _dDLC |
||
| 043 | _an-us-pa | ||
| 050 | 0 | 0 |
_aNK7700 _b.O26 1997 |
| 100 | 1 | _aOckner, Paula. | |
| 245 | 1 | 0 |
_aArt deco aluminum : _bKensington / _cPaula Ockner & Leslie Piña. |
| 260 |
_aAtglen, PA, USA : _bSchiffer Pub., _cc1997. |
||
| 300 |
_a160 p. : _bill. (some col.) ; _c28 cm. |
||
| 440 | 2 | _aA Schiffer book for collectors | |
| 504 | _aIncludes bibliographical references (p. [153]) and index. | ||
| 650 | 0 |
_aAluminum giftware _zPennsylvania _zNew Kensington _xCatalogs. |
|
| 650 | 0 |
_aDecoration and ornament _zPennsylvania _zNew Kensington _xArt deco _xCatalogs. |
|
| 700 | 1 |
_aPiña, Leslie A., _d1947- |
|
| 942 |
_2lcc _cBOOKS _hNK7700 .O26 1997 |
||